| 000 | 00446nam a2200145Ia 4500 | ||
|---|---|---|---|
| 008 | 170725s9999 xx 000 0 und d | ||
| 100 | _aAlex Alberto | ||
| 245 | _aFormal mutation testing for Circus | ||
| 245 | _cAlex Alberto, Ana Cavalcanti, Marie-Claude Gaudel, Adenilso Simão | ||
| 260 | _c2017 | ||
| 300 | _apages 131-153, January | ||
| 440 |
_aInformation and software technology _v81: |
||
| 500 | _aCJ0030 | ||
| 650 | _aMutation Testing | ||
| 999 |
_c340886 _d340886 |
||